00545nam a2200157Ia 4500008004000000020001800040082001600058100004500074245002900119260004400148300001300192690002000205906001100225999001700236952013400253210210b1973 xxu||||| |||| 00| 0 eng d a0 13 818237 X a300.72 FORS aFORCESE (Dennis P) and RICHER (Stephen). aSocial research methods. aNew Jersey.bPrentice-Hall, Inc.,c1973 aviii,280 aSocial Research a040797 c90608d90608 001040708Social ScienceaALbALcSocial Scienced2021-02-17g0.00l0o300.72 FORSp040797r2021-02-17 00:00:00w2021-02-17yBK